Business communication: process and product. / (Record no. 5300)

MARC details
000 -LEADER
fixed length control field 01314nam a22001697a 4500
008 - FIXED-LENGTH DATA ELEMENTS--GENERAL INFORMATION
fixed length control field 150126b xxu||||| |||| 00| 0 eng d
020 ## - INTERNATIONAL STANDARD BOOK NUMBER
International Standard Book Number 0324223048
050 ## - LIBRARY OF CONGRESS CALL NUMBER
Classification number HF5718.3.G838
100 ## - MAIN ENTRY--PERSONAL NAME
Personal name Guffey, Mary Ellen.
245 ## - TITLE STATEMENT
Title Business communication: process and product. /
Statement of responsibility, etc. Mary Ellen Guffey.
250 ## - EDITION STATEMENT
Edition statement 5th ed.
260 ## - PUBLICATION, DISTRIBUTION, ETC.
Place of publication, distribution, etc. Australia:
Name of publisher, distributor, etc. Thomson,
Date of publication, distribution, etc. 2006.
300 ## - PHYSICAL DESCRIPTION
Extent xxxix,585p.:
Other physical details ill.;
Dimensions 25cm.
500 ## - GENERAL NOTE
General note Includes index.
505 ## - FORMATTED CONTENTS NOTE
Formatted contents note Contents: Communication foundations: Communicating at work -- Communicating in small groups and teams -- Workplace listening and non-verbal communication -- Communicating across cultures -- Guffey's3-x-3 writing process: Writing process phase1: Analyze, anticipate, adapt -- Writing process phase 2: Research, organize, compose -- Writing process phase3: Revise, proofread, evaluate -- Business correspondence: Routine E-mail messages and memos -- Routine letters and goodwill messages -- Negative messages -- Reports and proposals: Preparing to write business reports -- Organizing and writing typical business reports -- Proposals and formal reports -- Presentations: Speaking with confidence -- Employment communication -- Competent language usage(C.L.U.E.) -- Reference guide to document formats -- Documentation formats -- Correction symbols.
942 ## - ADDED ENTRY ELEMENTS (KOHA)
Source of classification or shelving scheme Library of Congress Classification
Koha item type Books
Holdings
Withdrawn status Lost status Source of classification or shelving scheme Damaged status Not for loan Home library Current library Shelving location Date acquired Total Checkouts Full call number Barcode Date last seen Copy number Price effective from Koha item type
    Library of Congress Classification     WISCONSIN INTERNATIONAL UNIVERSITY COLLEGE, GHANA - MAIN LIBRARY WISCONSIN INTERNATIONAL UNIVERSITY COLLEGE, GHANA - MAIN LIBRARY Reference 26/01/2015   HF5718.3.G838 7511/539/13 26/01/2015 1 26/01/2015 Books

If you have any concerns or questions; kindly contact the library


© Powered by WIUC ICT DIRECTORATE